000 00553nam a2200169Ia 4500
003 IN-BaIIA
008 211028s9999 xx s 000 0 eng d
020 _a9780819400178 (Print)
040 _cIIA Library
100 _aGolub, Leon, ed.
_948753
245 0 _aX-Ray Instrumentation in Astronomy II
_h[eBook]
260 _aWashington, USA
_bSPIE
_c1988
300 _aOnline resource
490 _aProceedings of SPIE; V. 0982
856 _uhttps://www.spiedigitallibrary.org/conference-proceedings-of-spie/0982
_yClick Here to Access eBook
942 _cEB
999 _c33863
_d33863